| 000 | 00883cab a2200253 4500 | ||
|---|---|---|---|
| 001 | WB3033-25 | ||
| 008 | 090401t1994 xxu||||| |||| 00| 0 eng d | ||
| 035 | _a(Sirsi) u41651 | ||
| 041 | _aeng | ||
| 245 | _aFurnishing the perfect solution | ||
| 260 | _c1994 | ||
| 350 | _a0 | ||
| 490 |
_aTimes _v7 September 1994, 19(1) |
||
| 520 | _aAccording to the Association of Residential Letting Agents and Cluttons London Residential Lettings unfurnished accommodation is becoming more popular. | ||
| 650 | _aASSOCIATION OF RESIDENTIAL LETTING AGENTS | ||
| 650 | _aCLUTTONS | ||
| 650 | _aFURNITURE (FIRE AND SAFETY) REGULATIONS 1988 | ||
| 650 | _aPRIVATE RENTED SECTOR | ||
| 650 | _aRENTED HOUSING | ||
| 650 | _aUNFURNISHED ACCOMMODATION | ||
| 690 | _aPROPERTY-RESIDENTIAL PROPERTY-RESIDENTIAL LANDLORD AND TENANT-RESIDENTIAL TENANCIES | ||
| 942 | _n0 | ||
| 948 | _c04/03/1997 | ||
| 999 |
_c26735 _d26735 |
||